Syrian civil war belligerents (2020 - 2024) on a map - Statistics

General Stats
  • This quiz has been taken 1,534 times
  • The average score is 9 of 13
Answers on the Map
Answers color-coded by a green-red scale on the quiz's map according to % correct below.
 
Answer Stats
Belligérants % Correct
Islamic State
97%
Russia
97%
United States of America
97%
Iranian Army
95%
Syrian army and Allies
93%
Syrian Army and Syrian Democratic Forces
93%
Turkish Army, Free Syrian Army
92%
Israel (disputed territory)
72%
Syrian Democratic Forces
58%
Hezbollah Militias
49%
Hay'at Tahrir Al-Sham
33%
Syrian Opposition (Maghaweir Al-Thowra)
21%
Shia Militias
8%
No matching quizzes found
Score Distribution
Percent of People with Each Score
Percentile by Number Answered
Your Score History
You have not taken this quiz